Aasian puhutuimmat kielet - Statistics

Yleistilastot
  • Tätä visaa on pelattu 825 kertaa
  • Keskiarvotulos 6 / 12
Vastaustilastot
Äidinkielisiä puhujia Kieli % Oikein
950 milj Mandariini
91%
125 milj Japani
88%
305 milj Hindi
81%
100 milj Arabia
78%
76 milj Korea
75%
76 milj Vietnam
51%
77 milj Malaiji/Indonesia
48%
200 milj Bengali
30%
80 milj Wu-kiina
17%
95 milj Pandžabi
13%
98 milj Jaava
12%
76 milj Telugu
8%
Ehtoja vastaavia visoja ei löytynyt
Tulosjakauma
Jokaisen tuloksen saaneiden osuus
Persentiili vastausten määrän mukaan
Tuloshistoriasi
Et ole pelannut tätä visaa